O ευτυχισμένος πρίγκιπας και άλλες ιστορίες

Αποθηκεύτηκε σε:
Λεπτομέρειες βιβλιογραφικής εγγραφής
Κύριος συγγραφέας: Wilde, Oscar, 1854-1900
Άλλοι συγγραφείς: Μενδράκου, Σοφία Μ. (Εικονογράφος), Κωστόπουλος, Γιάννης (Μεταφραστής)
Μορφή: Βιβλίο
Γλώσσα:Greek
Irish
Δημοσίευση: Αθήνα : Εκδόσεις Καστανιώτη, 1989.
Σειρά:Νεανική βιβλιοθήκη (Εκδόσεις Καστανιώτη)
Θέματα:
Ετικέτες: Προσθήκη ετικέτας
Δεν υπάρχουν, Καταχωρήστε ετικέτα πρώτοι!

MARC

LEADER 00000cam a2200000 a 4500
001 1/122107
008 200921t1989####gr | ||| |||| ||gre||
020 |a 9600302766 
040 |a GR-MyUa  |b gre  |c GR-MyUa  |e AACR2 
041 1 |a gre  |h gle 
082 7 |a 808.899282  |2 (23) 
100 1 |a Wilde, Oscar,   |d 1854-1900. 
245 1 2 |a O ευτυχισμένος πρίγκιπας και άλλες ιστορίες /   |c Όσκαρ Ουάϊλντ ; εικονογράφηση Σοφία Μενδράκου ; μετάφραση Γιάννης Κωστόπουλος.  
246 1 |i Τίτλος εξωφύλλου:   |a Ο ευτυχισμένος πρίγκιπας  
260 |a Αθήνα :   |b Εκδόσεις Καστανιώτη,   |c 1989.  
300 |a 142 σ. ;   |c 21 εκ.  
490 1 |a (Νεανική Βιβλιοθήκη)  
500 |a Παραμύθια: Ο ευτυχισμένος πρίγκιπας, ο αφοσιωμένος φίλος, ο νεαρός βασιλιάς, ο ψαράς και η ψυχή του.  
650 0 |a Children's literature. 
650 0 |a Children's stories. 
650 0 |a Fairy tales. 
700 1 |a Μενδράκου, Σοφία Μ.  |e ill 
700 1 |a Κωστόπουλος, Γιάννης,  |e trl 
830 0 |a Νεανική βιβλιοθήκη (Εκδόσεις Καστανιώτη) 
852 |a INST  |b SAMOS  |e 20200921  |h 808.899282 WIL  |p 005300046755  |q 005300046755  |t BK  |y 0 
920 |a Μοσχογιάννη  |b Κωνσταντίνα  |y Σάμος  |z 2020-02 
970 |a Φιλιππή  |b Φάλη  |z 21-09-2020